000 00593nam a2200229Ia 4500
003 OSt
005 20221006164843.0
006 a|||||r|||| 00| 0
007 ta
008 221006b |||||||| |||| 00| 0 hin d
024 _a4,042
037 _cTextual
040 _aFML
_cFML
_bhin
041 _2hin
_ahin
082 _aV2 ' J5, P9
100 _aGarg Damodar Lal Au.
_9677772
245 0 _aShahjahanaama
260 _aJaipur
_bSahitya Sagar India
_c2009
300 _a288
_ccm.
942 _hV2 ' J5, P9
_cTEXL
_2CC
999 _c1118709
_d1118709